| 000 | 00951cam a22002055a 4500 | ||
|---|---|---|---|
| 001 | L140587 | ||
| 008 | 071001s1815 xxk eng u | ||
| 035 | _a(Sirsi) u140587 | ||
| 041 | 0 | _aeng | |
| 100 | 1 | _aDrawbridge, William | |
| 245 | 0 | 0 | _aParticulars and conditions of sale of several valuable copyhold estates situate at Wivelsfield near Cuckfield in the county of Sussex which will be sold by auction by William Drawbridge at The Talbot Inn in Cuckfield in the county of Sussex on Thursday 11 May 1815... |
| 260 |
_aLondon _bJ. Shaw _c1815 |
||
| 300 |
_a1 sheet _bframed _c37 x 46 cm. |
||
| 351 | _cSingle item | ||
| 500 | _aDocument has been annotated by William Drawbridge with details of the purchaser (John Coppard), the purchase price and the deposit paid. | ||
| 500 | _aDocument has been framed. | ||
| 651 | 4 |
_aSussex _y1888- |
|
| 690 | _aPROPERTY-PROPERTY ACQUISITION AND DISPOSAL-ACQUISITION AND DISPOSAL AT AUCTION | ||
| 942 | _n0 | ||
| 999 |
_c116376 _d116376 |
||